000 00666nam a22001577a 4500
003 OSt
005 20151130152903.0
008 151130b xxu||||| |||| 00| 0 eng d
040 _cRUA
082 _aFIS NGO 1997 B166 Or.1
100 _94040
_aNGOR PENG BUN
245 _aCatch assessment for mobile gear fisheries in kandal province including phnom penh, ការវាយតំលៃផលចាប់ ដែលនេសាទបាន ដោយ​ឧបករណ៍នេសាទចល័ត នៅក្នុងខេត្តកណ្ដាល/ភ្នំពេញ.
260 _aPhnom Penh
_bRUA
_c1997
300 _a56p.
_bill.
_c29cm.
942 _2ddc
_cFIS
999 _c3760
_d3760